000 00516nam a2200157 a 4500
008 120416s1990 ||||||||||||||||| || u
020 _a0333488369
050 _aHF 5429 Dav
100 _aDavies, Gary
245 1 0 _aSmall business
246 _athe independent retailer
260 _aLondon
_bMacmillan
_c1990
300 _ax, 186p. : ill
350 _a0.00
995 _D0.00
_FCBU-MAIN LIBRARY (Kitwe)
_H1
_I35.00
_UAVAILABLE
_ZMain Library Open Access Collection
999 _c57565
_d57565